01250nam a2200277 a 4500001001000000005001700010008004100027041000800068044000700076084001900083100004500102245009100147260003300238300004700271500016600318500004700484500013800531500001000669546002500679650005200704650005600756650003400812650004500846700003100891740005000922BRCA_313620190320204129.0050209s1866----fr-a---###---#000-0dfre-u afre afr a439b.J68 18661 aCervantes Saavedra, Miguel ded1547-161610aL´Ingénieux Chevalier Don Quichotte de la Manchecpar Miguel de Cervantes Saavedra. aParísbFurne Jouventc1866 a1 v. (en varias paginaciones)bil.c23 cm. aContenido : Primera parte. Retrato de Cervantes. Vida de Cervantes por el traductor. Notas. Prólogo del autor. Texto. Segunda parte. Prólogo del autor. Texto aEdición : Traduction nouvelle par Furne aReproducción de la edición de 1858 del propio editor, con el retrato de Cervantes y los mismos dibujos. Semipiel Lúdovik Osterc aQM364 aTexto en : francés14aNovela españolayÉpoca clásica, 1500-170014aLiteratura españolayÉpoca clásica, 1500-170014aNovela españolaySiglo XVII14aDon Quijote (Personaje ficticio)eNovela1 aFourne, OrtaireeTraductor0 aEl Ingenioso Hidalgo Don Quijote de la Mancha